000 00498nam a2200169 i 4500
001 20862
003 ES-MaACL
005 20230906152358.0
007 t|
008 021119s1946 sp ||||1| spa d
100 1 _aAlamo, Juan del.
_919110
245 1 0 _aNuevo método de lengua francesa /
_cpor Juan del Alamo.
260 _aMadrid :
_b[s.n.,
_c1946] (
_fTip. Sucs. S. de Ocaña)
300 _a2 v. :
_bil. ;
_c22 cm.
500 _aSon Cursos 1º y 2º.
852 _aES-MaACL
_jC-4160-61
_bR.24024
999 _c20862
_d20862